| 000 | 00811nam a22002177a 4500 | ||
|---|---|---|---|
| 003 | OSt | ||
| 005 | 20250820062335.0 | ||
| 008 | 250820b |||||||| |||| 00| 0 eng d | ||
| 020 | _a13: 978-0-13-119599-8. | ||
| 040 |
_aDWCL- Main lib _cOC |
||
| 082 | _aCirc. 610.73076 H715c 2008 | ||
| 100 | _aHogan. Mary Ann | ||
| 245 |
_a Comprehensive review for NCLEX-RN : _breviews and rationale/ _cMary Ann Hogan |
||
| 260 |
_a N. J. : _b Pearson/Prentice Hall, _cc2008. |
||
| 300 |
_axiv, 1520 p. : _b ill. ; _c27 cm + 1 CD-ROM. |
||
| 504 | _aIncludes index. | ||
| 650 | _a1. National Licensure Examination for Practical/Vocational Nurses-Study guides. | ||
| 650 | _a2. Practical nursing-Examinations, questions, etc. | ||
| 650 | _a3. Practical nursing-Outlines, syllabi, etc. | ||
| 942 |
_2ddc _cBK-CIRC _kCirc. _n0 |
||
| 999 |
_c4117 _d4117 |
||